000
00323noi a22001337a 4500
005
20250929103825.0
008
200109b xxu||||| |||| 00| 0 spa d
082
_a
IU
245
_a
Informática usuarios
650
_a
SALA DE INFORMÁTICA
650
_a
EQUIPO TECNOLÓGICO
650
_a
COMPUTADORAS
942
_c
COMPU
_2
ddc
999
_c
12539
_d
12539